Poliorcétique
Salvato in:
| Autore principale: | |
|---|---|
| Natura: | Libro |
| Lingua: | francese greco |
| Pubblicazione: |
París
Les Belles Lettres
1967
|
| Serie: | Collection des Universités de France
|
| Soggetti: | |
| Tags: |
Aggiungi Tag
Nessun Tag, puoi essere il primo ad aggiungerne!!
|
MARC
| LEADER | 00000nam a2200000 a 4500 | ||
|---|---|---|---|
| 001 | UCQ3075 | ||
| 003 | CL-VaPUC | ||
| 008 | 980817e19670000FR |||||||||||||||||fre|d | ||
| 041 | 0 | 7 | |a fre |2 CL-VaPUC |
| 041 | 0 | 7 | |a gre |2 CL-VaPUC |
| 082 | 0 | 4 | |a 888 |b ENE |2 21 |
| 100 | 0 | |a Enéas El Táctico |e author |9 417137 | |
| 245 | 1 | 0 | |a Poliorcétique |
| 300 | |a 138 p | ||
| 942 | |c BK | ||
| 945 | |d 19980817 00:00:00 |a mvenant | ||
| 260 | |a París |b Les Belles Lettres |c 1967 | ||
| 650 | 7 | |a ENSAYOS GRIEGOS |2 CL-VaPUC |9 417138 | |
| 650 | 7 | |a LITERATURA ANTIGUA |2 CL-VaPUC |9 412606 | |
| 650 | 7 | |a LITERATURA GRIEGA |2 CL-VaPUC |9 258054 | |
| 583 | |a last modification |c 19980817 00:00:00 |k Rodrigo Vera | ||
| 490 | 0 | |a Collection des Universités de France | |
| 999 | |c 273723 |d 273721 | ||
| 952 | |0 0 |1 0 |4 0 |6 888_000000000000000_ENE_1967 |7 0 |8 P |9 309563 |a BIBART |b BIBART |d 2019-11-20 |i 3443051 |o 888 ENE 1967 |p 3443051 |r 2025-03-13 |w 2019-11-20 |y BK |k ART | ||